Giấc mơ đào thương /
Đã lưu trong:
| Tác giả chính: | |
|---|---|
| Định dạng: | Bài viết |
| Ngôn ngữ: | Vietnamese |
| Những chủ đề: | |
| Các nhãn: |
Thêm thẻ
Không có thẻ, Là người đầu tiên thẻ bản ghi này!
|
| Thư viện lưu trữ: | Thư viện Trường Đại học Đà Lạt |
|---|
| LEADER | 00704nam a2200265 4500 | ||
|---|---|---|---|
| 001 | DLU110116152 | ||
| 005 | ##20110217 | ||
| 040 | # | # | |a DLU |b vie |
| 041 | # | # | |a vie |
| 044 | # | # | |a vn |
| 100 | # | # | |a Hồng Liên. |
| 245 | # | # | |a Giấc mơ đào thương / |c Hồng Liên. |
| 653 | # | # | |a Nghề nghiệp |
| 653 | # | # | |a Quảng cáo |
| 653 | # | # | |a Tài năng |
| 773 | # | # | |t Gia đình và trẻ em |g Số 24-25, 2008, tr. 64-65 |
| 920 | # | # | |a Phòng Tạp chí -- Trung tâm Thông tin - Thư viện Trường Đại học Đà Lạt |
| 994 | # | # | |a DLU |
| 900 | # | # | |a True |
| 911 | # | # | |a Nguyễn Thị Linh Chi |
| 925 | # | # | |a G |
| 926 | # | # | |a A |
| 927 | # | # | |a BB |
| 980 | # | # | |a Thư viện Trường Đại học Đà Lạt |